<?xml version="1.0" encoding="UTF-8"?>
<record
    xmlns:xsi="http://www.w3.org/2001/XMLSchema-instance"
    xsi:schemaLocation="http://www.loc.gov/MARC21/slim http://www.loc.gov/standards/marcxml/schema/MARC21slim.xsd"
    xmlns="http://www.loc.gov/MARC21/slim">

  <leader>01244    a2200277   4500</leader>
  <controlfield tag="001">75243</controlfield>
  <datafield tag="020" ind1=" " ind2=" ">
    <subfield code="a">9788516096496</subfield>
  </datafield>
  <datafield tag="041" ind1=" " ind2=" ">
    <subfield code="a">por</subfield>
  </datafield>
  <datafield tag="082" ind1=" " ind2=" ">
    <subfield code="a">398</subfield>
  </datafield>
  <datafield tag="250" ind1=" " ind2=" ">
    <subfield code="a">2. ed.</subfield>
  </datafield>
  <datafield tag="300" ind1=" " ind2=" ">
    <subfield code="a">112 p.</subfield>
  </datafield>
  <datafield tag="490" ind1=" " ind2=" ">
    <subfield code="a">Deixa que eu conto</subfield>
  </datafield>
  <datafield tag="520" ind1=" " ind2=" ">
    <subfield code="a">Esta &#xE9; a mais famosa e mirabolante aventura de capa e espada do mundo! Quatro amigos, Dartanhan, Athos, Porthos e Aramis, agem como se fossem uma turma de adolescentes maluquinhos, sempre enfrentando os mais tremendos perigos, e sempre vencendo, com sua coragem, honestidade, patriotismo, mas, principalmente com sua incr&#xED;vel habilidade com a espada! E a coisa ainda fica mais acess&#xED;vel, mais irreverente e engra&#xE7;ada com o texto &#xE1;gil e criativo de Pedro Bandeira.</subfield>
  </datafield>
  <datafield tag="521" ind1=" " ind2=" ">
    <subfield code="a">Year 4</subfield>
  </datafield>
  <datafield tag="697" ind1=" " ind2=" ">
    <subfield code="a">Fairy tales.</subfield>
  </datafield>
  <datafield tag="697" ind1=" " ind2=" ">
    <subfield code="a">Literatura infanto-juvenil</subfield>
  </datafield>
  <datafield tag="830" ind1=" " ind2=" ">
    <subfield code="a">Deixa que eu conto</subfield>
  </datafield>
  <datafield tag="856" ind1=" " ind2=" ">
    <subfield code="u">000001/000001f4.jpg</subfield>
  </datafield>
  <datafield tag="040" ind1=" " ind2=" ">
    <subfield code="a">BR-BrIDEA</subfield>
    <subfield code="c">BR-BrIDEA</subfield>
  </datafield>
  <datafield tag="090" ind1=" " ind2=" ">
    <subfield code="a">P Year 4 398</subfield>
    <subfield code="b">BAN</subfield>
  </datafield>
  <datafield tag="100" ind1=" " ind2=" ">
    <subfield code="a">Bandeira, Pedro</subfield>
    <subfield code="d">1942</subfield>
  </datafield>
  <datafield tag="245" ind1="1" ind2="0">
    <subfield code="a">Os tr&#xEA;s mosqueteiros</subfield>
    <subfield code="c">Pedro Bandeira ; recria&#xE7;&#xE3;o da obra de Alexandre Dumas ; ilustra&#xE7;&#xF5;es Alberto Pez</subfield>
  </datafield>
  <datafield tag="260" ind1=" " ind2=" ">
    <subfield code="a">S&#xE3;o Paulo,  SP</subfield>
    <subfield code="b">Moderna</subfield>
    <subfield code="c">2015</subfield>
  </datafield>
  <datafield tag="700" ind1=" " ind2=" ">
    <subfield code="a">Dumas, Alexandre, 1802-1870.</subfield>
    <subfield code="a">Pez, Alberto</subfield>
    <subfield code="4">ilustrador</subfield>
  </datafield>
  <datafield tag="942" ind1=" " ind2=" ">
    <subfield code="c">BK</subfield>
  </datafield>
  <datafield tag="952" ind1=" " ind2=" ">
    <subfield code="0">0</subfield>
    <subfield code="1">0</subfield>
    <subfield code="4">0</subfield>
    <subfield code="7">0</subfield>
    <subfield code="a">88.1</subfield>
    <subfield code="b">88.1</subfield>
    <subfield code="d">2023-11-22</subfield>
    <subfield code="l">0</subfield>
    <subfield code="o">LJ 028.5 B214o</subfield>
    <subfield code="p">6608/CSP</subfield>
    <subfield code="r">2023-11-22 14:32:34</subfield>
    <subfield code="w">2023-11-22</subfield>
    <subfield code="y">BK</subfield>
  </datafield>
  <datafield tag="952" ind1=" " ind2=" ">
    <subfield code="0">0</subfield>
    <subfield code="1">0</subfield>
    <subfield code="4">0</subfield>
    <subfield code="7">0</subfield>
    <subfield code="a">88.1</subfield>
    <subfield code="b">88.1</subfield>
    <subfield code="d">2023-11-22</subfield>
    <subfield code="l">0</subfield>
    <subfield code="o">LJ 028.5 B214o</subfield>
    <subfield code="p">6609/CSP</subfield>
    <subfield code="r">2023-11-22 14:32:34</subfield>
    <subfield code="w">2023-11-22</subfield>
    <subfield code="y">BK</subfield>
  </datafield>
  <datafield tag="952" ind1=" " ind2=" ">
    <subfield code="0">0</subfield>
    <subfield code="1">0</subfield>
    <subfield code="2">ddc</subfield>
    <subfield code="4">0</subfield>
    <subfield code="7">0</subfield>
    <subfield code="a">12.27</subfield>
    <subfield code="b">12.27</subfield>
    <subfield code="d">2020-11-03</subfield>
    <subfield code="l">1</subfield>
    <subfield code="o">AP Year 4 398 BAN</subfield>
    <subfield code="p">00050359AGC</subfield>
    <subfield code="r">2024-03-27 13:32:04</subfield>
    <subfield code="s">2024-02-07</subfield>
    <subfield code="w">2024-01-23</subfield>
    <subfield code="y">BK</subfield>
  </datafield>
  <datafield tag="952" ind1=" " ind2=" ">
    <subfield code="0">0</subfield>
    <subfield code="1">0</subfield>
    <subfield code="2">ddc</subfield>
    <subfield code="4">0</subfield>
    <subfield code="7">0</subfield>
    <subfield code="a">12.27</subfield>
    <subfield code="b">12.27</subfield>
    <subfield code="d">2020-11-03</subfield>
    <subfield code="l">4</subfield>
    <subfield code="o">AP Year 4 398 BAN</subfield>
    <subfield code="p">00050360AGC</subfield>
    <subfield code="r">2024-05-15 14:45:27</subfield>
    <subfield code="s">2024-04-29</subfield>
    <subfield code="w">2024-01-23</subfield>
    <subfield code="y">BK</subfield>
  </datafield>
  <datafield tag="952" ind1=" " ind2=" ">
    <subfield code="0">0</subfield>
    <subfield code="1">0</subfield>
    <subfield code="2">ddc</subfield>
    <subfield code="4">0</subfield>
    <subfield code="7">0</subfield>
    <subfield code="a">12.27</subfield>
    <subfield code="b">12.27</subfield>
    <subfield code="d">2020-11-03</subfield>
    <subfield code="l">1</subfield>
    <subfield code="o">AP Year 4 398 BAN</subfield>
    <subfield code="p">00050361AGC</subfield>
    <subfield code="r">2024-03-27 13:24:10</subfield>
    <subfield code="s">2024-02-07</subfield>
    <subfield code="w">2024-01-23</subfield>
    <subfield code="y">BK</subfield>
  </datafield>
  <datafield tag="952" ind1=" " ind2=" ">
    <subfield code="0">0</subfield>
    <subfield code="1">0</subfield>
    <subfield code="2">ddc</subfield>
    <subfield code="4">0</subfield>
    <subfield code="7">0</subfield>
    <subfield code="a">12.27</subfield>
    <subfield code="b">12.27</subfield>
    <subfield code="d">2020-11-03</subfield>
    <subfield code="l">1</subfield>
    <subfield code="o">AP Year 4 398 BAN</subfield>
    <subfield code="p">00050362AGC</subfield>
    <subfield code="r">2024-03-27 13:32:28</subfield>
    <subfield code="s">2024-02-07</subfield>
    <subfield code="w">2024-01-23</subfield>
    <subfield code="y">BK</subfield>
  </datafield>
  <datafield tag="952" ind1=" " ind2=" ">
    <subfield code="0">0</subfield>
    <subfield code="1">0</subfield>
    <subfield code="2">ddc</subfield>
    <subfield code="4">0</subfield>
    <subfield code="7">0</subfield>
    <subfield code="a">12.28</subfield>
    <subfield code="b">12.28</subfield>
    <subfield code="d">2019-12-23</subfield>
    <subfield code="l">0</subfield>
    <subfield code="o">P Year 4 398 BAN</subfield>
    <subfield code="p">00046871SSW</subfield>
    <subfield code="r">2024-01-23 14:57:43</subfield>
    <subfield code="w">2024-01-23</subfield>
    <subfield code="y">BK</subfield>
  </datafield>
  <datafield tag="952" ind1=" " ind2=" ">
    <subfield code="0">0</subfield>
    <subfield code="1">0</subfield>
    <subfield code="2">ddc</subfield>
    <subfield code="4">0</subfield>
    <subfield code="7">0</subfield>
    <subfield code="a">12.28</subfield>
    <subfield code="b">12.28</subfield>
    <subfield code="d">2019-12-23</subfield>
    <subfield code="l">0</subfield>
    <subfield code="o">P Year 4 398 BAN</subfield>
    <subfield code="p">00046872SSW</subfield>
    <subfield code="r">2024-01-23 14:57:43</subfield>
    <subfield code="w">2024-01-23</subfield>
    <subfield code="y">BK</subfield>
  </datafield>
  <datafield tag="952" ind1=" " ind2=" ">
    <subfield code="0">0</subfield>
    <subfield code="1">0</subfield>
    <subfield code="2">ddc</subfield>
    <subfield code="4">0</subfield>
    <subfield code="7">0</subfield>
    <subfield code="a">12.28</subfield>
    <subfield code="b">12.28</subfield>
    <subfield code="d">2019-12-23</subfield>
    <subfield code="l">0</subfield>
    <subfield code="o">P Year 4 398 BAN</subfield>
    <subfield code="p">00046873SSW</subfield>
    <subfield code="r">2024-01-23 14:57:43</subfield>
    <subfield code="w">2024-01-23</subfield>
    <subfield code="y">BK</subfield>
  </datafield>
  <datafield tag="952" ind1=" " ind2=" ">
    <subfield code="0">0</subfield>
    <subfield code="1">0</subfield>
    <subfield code="2">ddc</subfield>
    <subfield code="4">0</subfield>
    <subfield code="7">0</subfield>
    <subfield code="a">12.28</subfield>
    <subfield code="b">12.28</subfield>
    <subfield code="d">2020-01-13</subfield>
    <subfield code="l">0</subfield>
    <subfield code="o">P Year 4 398 BAN</subfield>
    <subfield code="p">00047302SSW</subfield>
    <subfield code="r">2024-01-23 14:57:43</subfield>
    <subfield code="w">2024-01-23</subfield>
    <subfield code="y">BK</subfield>
  </datafield>
  <datafield tag="952" ind1=" " ind2=" ">
    <subfield code="0">0</subfield>
    <subfield code="1">0</subfield>
    <subfield code="2">ddc</subfield>
    <subfield code="4">0</subfield>
    <subfield code="7">0</subfield>
    <subfield code="a">12.28</subfield>
    <subfield code="b">12.28</subfield>
    <subfield code="d">2020-01-13</subfield>
    <subfield code="l">0</subfield>
    <subfield code="o">P Year 4 398 BAN</subfield>
    <subfield code="p">00047303SSW</subfield>
    <subfield code="r">2024-01-23 14:57:43</subfield>
    <subfield code="w">2024-01-23</subfield>
    <subfield code="y">BK</subfield>
  </datafield>
  <datafield tag="952" ind1=" " ind2=" ">
    <subfield code="0">0</subfield>
    <subfield code="1">0</subfield>
    <subfield code="2">ddc</subfield>
    <subfield code="4">0</subfield>
    <subfield code="7">0</subfield>
    <subfield code="a">12.28</subfield>
    <subfield code="b">12.28</subfield>
    <subfield code="d">2020-01-13</subfield>
    <subfield code="l">0</subfield>
    <subfield code="o">P Year 4 398 BAN</subfield>
    <subfield code="p">00047304SSW</subfield>
    <subfield code="r">2024-01-23 14:57:43</subfield>
    <subfield code="w">2024-01-23</subfield>
    <subfield code="y">BK</subfield>
  </datafield>
  <datafield tag="999" ind1=" " ind2=" ">
    <subfield code="c">75243</subfield>
    <subfield code="d">75243</subfield>
  </datafield>
</record>
